header

The post-traumatic vegetative state (Record no. 211388)

MARC details
000 -LEADER
fixed length control field 01318nam a2200349Ia 4500
082 04 - DEWEY DECIMAL CLASSIFICATION NUMBER
Classification number 616.8/49
245 04 - TITLE STATEMENT
Title The post-traumatic vegetative state
260 ## - PUBLICATION, DISTRIBUTION, ETC. (IMPRINT)
Place of publication Stuttgart ;
-- New York :
Name of publisher Thieme,
Year of publication c2002.
300 ## - PHYSICAL DESCRIPTION
Number of Pages x, 158 p. :
Other physical details ill.
650 #0 - SUBJECT ADDED ENTRY--TOPICAL TERM
Topical Term Persistent vegetative state.
Topical Term Coma.
700 1# - ADDED ENTRY--PERSONAL NAME
Personal name Dolce, Giuliano.
Personal name Sazbon, Leon.
856 40 - ELECTRONIC LOCATION AND ACCESS
Uniform Resource Identifier http://site.ebrary.com/lib/rucke/Doc?id=10586884

No items available.

© 2026 Rongo University
Contact us: librarian | system librarian | Rongo university